ბათუმის შოთა რუსთაველის სახელმწიფო უნივერსიტეტის ბიბლიოთეკა

Zarnogrobiscna nekropola na dvoriscu SAZU v Ljubljani : (ბიბ.ჩანაწერი № 60702)

000 -LEADER
fixed length control field 00828nam a22001817a 4500
005 - DATE AND TIME OF LATEST TRANSACTION
control field 20231011103514.0
008 - FIXED-LENGTH DATA ELEMENTS--GENERAL INFORMATION
fixed length control field 231010s1971 bn ||||| |||| 00| 0 bos d
041 ## - LANGUAGE CODE
Language code of text/sound track or separate title bos
080 ## - UNIVERSAL DECIMAL CLASSIFICATION NUMBER
Universal Decimal Classification number 902/904 P-97
100 ## - MAIN ENTRY--PERSONAL NAME
Personal name Pus, Ivan
9 (RLIN) 20054
245 ## - TITLE STATEMENT
Title Zarnogrobiscna nekropola na dvoriscu SAZU v Ljubljani :
Remainder of title Izkopavanja v letih 1964 - 1965 = Nekropole der Urnenfelderkultur im Hof der Slowenischen Akademie der Wissenschaften und Künste in Ljubljana. Ausgrabungen in den Jahren 1964-1965 /
Statement of responsibility, etc. Ivan Pus.
264 ## - PRODUCTION, PUBLICATION, DISTRIBUTION, MANUFACTURE, AND COPYRIGHT NOTICE
Place of production, publication, distribution, manufacture Ljubljana,
Date of production, publication, distribution, manufacture, or copyright notice 1971.
300 ## - PHYSICAL DESCRIPTION
Extent 108 p.:
Other physical details ill.;
Dimensions 24 cm.
653 ## - INDEX TERM--UNCONTROLLED
keyword ზარნოგრობისკის ნეკროპოლისი
653 ## - INDEX TERM--UNCONTROLLED
keyword გათხრები 1964 - 1965 წლებში ლუბლიანაში
653 ## - INDEX TERM--UNCONTROLLED
keyword არქეოლოგია
942 ## - ADDED ENTRY ELEMENTS (KOHA)
Source of classification or shelving scheme
Koha item type წიგნი
ეგზემპლარები
Withdrawn status Lost status Source of classification or shelving scheme Damaged status Not for loan Permanent Location Current Location Shelving location Date acquired Cost, normal purchase price Full call number Barcode Date last seen Copy number Uniform Resource Identifier Price effective from Koha item type Public note
          ბათუმის შოთა რუსთაველის სახელმწიფო უნივერსიტეტის მთავარი ბიბლიოთეკა ბათუმის შოთა რუსთაველის სახელმწიფო უნივერსიტეტის მთავარი ბიბლიოთეკა წიგნსაცავი 2023-10-10 6.00 902/904 P-97 65289 2023-10-10 65289 ბსუ-ს საპატიო დოქტორის გურამ ლორთქიფანიძის საჩუქარი 2023-10-10 წიგნი 6 ლ.